00410nam a22001577a 450000500170000000800410001702000260005804000090008404100120009308200180010510000200012324500360014326000420017930000090022165000220023020260602132233.0260602b |||||||| |||| 00| 0 eng d a9789355322067c999.00 aMAIN aEnglish a621.3815bSAL aSalivahanan, S. aElectronic Devices And Circuits aChennai bMcGraw Hill Educationc2024 aV.P. aPhysics (PM USHA)